| 000 | 00541nam a2200205 4500 | ||
|---|---|---|---|
| 003 | OSt | ||
| 005 | 20160414183515.0 | ||
| 008 | 160414b xxu||||| |||| 00| 0 eng d | ||
| 020 | _a1572596155 | ||
| 040 | _c040a | ||
| 082 |
_a530 _bTIP 1999 |
||
| 100 |
_aTipler, Paul A. _97983 |
||
| 245 |
_aPhysics : _bfor scientists and engineers/ _cPaul A Tipler |
||
| 250 | _a4th.ed | ||
| 260 |
_aNew York _bW. H Freeman _c1999 |
||
| 300 |
_axxix, 1335; _bcol.ill : _c30 cm. |
||
| 504 | _aIncludes index | ||
| 650 |
_aPhysics _9809 |
||
| 942 |
_2ddc _cSLOAN |
||
| 999 |
_c3574 _d3574 |
||